CCNP : support study guide. / (Record no. 9360)

MARC details
000 -LEADER
fixed length control field 01684cam a2200433 a 4500
001 - CONTROL NUMBER
control field 2619011
003 - CONTROL NUMBER IDENTIFIER
control field OSt
005 - DATE AND TIME OF LATEST TRANSACTION
control field 20221216142807.0
008 - FIXED-LENGTH DATA ELEMENTS--GENERAL INFORMATION
fixed length control field 981022s1999 caua 001 0 eng d
010 ## - LIBRARY OF CONGRESS CONTROL NUMBER
LC control number 98088911
020 ## - INTERNATIONAL STANDARD BOOK NUMBER
International Standard Book Number 0782141528
035 ## - SYSTEM CONTROL NUMBER
System control number (OCoLC)40888990
040 ## - CATALOGING SOURCE
Original cataloging agency AzM
Transcribing agency AzM
Modifying agency DLC
042 ## - AUTHENTICATION CODE
Authentication code lccopycat
050 00 - LIBRARY OF CONGRESS CALL NUMBER
Classification number QA76.3.L35
082 00 - DEWEY DECIMAL CLASSIFICATION NUMBER
Classification number 004.6/2
Edition number 21
100 1# - MAIN ENTRY--PERSONAL NAME
Personal name Lammle, Todd.
9 (RLIN) 866
245 10 - TITLE STATEMENT
Title CCNP : support study guide. /
Statement of responsibility, etc. Todd Lammle
246 3# - VARYING FORM OF TITLE
Title proper/short title Cisco certified network professional support study guide
250 ## - EDITION STATEMENT
Edition statement 2nd ed.
260 ## - PUBLICATION, DISTRIBUTION, ETC.
Place of publication, distribution, etc. London:
Name of publisher, distributor, etc. SYBEX Inc,
Date of publication, distribution, etc. 2000.
300 ## - PHYSICAL DESCRIPTION
Extent xix, 751 p. :
Other physical details ill. ;
Dimensions 24 cm. +
Accompanying material 1 computer laser optical disc (4 3/4 in.)- Missing
440 #0 - SERIES STATEMENT/ADDED ENTRY--TITLE
Title Cisco certification series
9 (RLIN) 867
500 ## - GENERAL NOTE
General note "Exam 640-606."
504 ## - BIBLIOGRAPHY, ETC. NOTE
Bibliography, etc. note Includes index.
505 ## - FORMATTED CONTENTS NOTE
Formatted contents note Contents: Troubleshooting methodology -- Protocol attributes --
650 #0 - SUBJECT ADDED ENTRY--TOPICAL TERM
Topical term or geographic name entry element Electronic data processing personnel
General subdivision Certification.
9 (RLIN) 868
650 #0 - SUBJECT ADDED ENTRY--TOPICAL TERM
Topical term or geographic name entry element Software configuration management
General subdivision Examinations
Form subdivision Study guides.
9 (RLIN) 869
650 #0 - SUBJECT ADDED ENTRY--TOPICAL TERM
Topical term or geographic name entry element Internetworking (Telecommunication)
General subdivision Examinations
Form subdivision Study guides.
9 (RLIN) 870
700 1# - ADDED ENTRY--PERSONAL NAME
Personal name Lammle, Todd
9 (RLIN) 866
710 2# - ADDED ENTRY--CORPORATE NAME
Corporate name or jurisdiction name as entry element Cisco Systems, Inc.
9 (RLIN) 871
856 42 - ELECTRONIC LOCATION AND ACCESS
Materials specified Publisher description
Uniform Resource Identifier <a href="http://www.loc.gov/catdir/enhancements/fy0602/98088911-d.html">http://www.loc.gov/catdir/enhancements/fy0602/98088911-d.html</a>
906 ## - LOCAL DATA ELEMENT F, LDF (RLIN)
a 7
b cbc
c copycat
d 2
e opcn
f 19
g y-gencatlg
942 ## - ADDED ENTRY ELEMENTS (KOHA)
Source of classification or shelving scheme Library of Congress Classification
Koha item type Books
Holdings
Withdrawn status Lost status Source of classification or shelving scheme Damaged status Not for loan Home library Current library Shelving location Date acquired Total Checkouts Full call number Barcode Date last seen Price effective from Koha item type
    Library of Congress Classification     WISCONSIN INTERNATIONAL UNIVERSITY COLLEGE, GHANA KUMASI LIBRARY WISCONSIN INTERNATIONAL UNIVERSITY COLLEGE, GHANA KUMASI LIBRARY General Stacks 15/11/2019   QA76.3.L35(2e) K/2389/2389/19 16/12/2022 16/12/2022 Books

If you have any concerns or questions; kindly contact the library


© Powered by WIUC ICT DIRECTORATE